000 00650nam a2200229Ia 4500
003 OSt
005 20230620114806.0
008 210423s2015 xx 000 0 und d
020 _a978-93-82956-01-3
040 _cAL
041 _aeng
082 _a541.3
_223
_bPURP
100 _aPURI (B R);SHARMA (L R);PATHANIA (Madan S)
_9106118
245 _aPrinciples of physical chemistry
260 _aNew Delhi
_bVishal Publishing Co
_c2015
300 _axii,1366
_bPB
365 _b665
_cINR
650 _aChemistry
_9106119
650 _aPhysical & Theoretical Chemistry
_9106120
906 _achemistry ; physical ; Principles
942 _2ddc
_cBK
999 _c166562
_d166562